[Event "Tatry Open"]
[Site "Tatranske Zruby SVK"]
[Date "2011.09.27"]
[Round "4.8"]
[White "Rooze,J"]
[Black "Privara,I"]
[Result "1/2-1/2"]
[WhiteElo "2340"]
[BlackElo "2264"]

1.e4 c5 2.Nf3 Nc6 3.Bb5 g6 4.Bxc6 dxc6 5.h3 Bg7 6.d3 Nf6 7.O-O O-O 8.Nc3 Qc7
9.Be3 b6 10.Qd2 e5 11.a3 a5 12.Rae1 Ba6 13.Bh6 Rad8 14.Bxg7 Kxg7 15.b3 h6
16.Qc1 Bc8 17.a4 Nh5 18.Ne2 Kh7 19.g4 Ng7 20.Nh2 g5 21.Kg2 Ne6 22.Rh1 Kg7
23.Nf1 Nf4+ 24.Nxf4 gxf4 25.Nd2 Be6 26.Reg1 Rh8 27.Kf1 Rdg8 28.Qa1 f6 29.Ke2 Kf7
30.Qc3 h5 31.f3 hxg4 32.hxg4 Ke7 33.Nc4 Bxc4 34.bxc4 Qd8 35.Qa1 Qd4 36.Qxd4 cxd4
37.Rb1 Kd6 38.Rxh8 Rxh8 39.Rxb6 Rh2+ 40.Ke1 Kc5 41.Rb2 Rh1+ 42.Kd2 Rf1 43.Ke2 Ra1
44.Rb8 Rxa4 45.Rf8 Ra1 46.Rxf6 a4 47.Re6 a3 48.Rxe5+ Kb4 49.Re8 Kc3 50.Ra8 Kxc2
51.e5 Ra2 52.e6 Kb3+ 53.Kf1 Ra1+ 54.Kf2 Ra2+  1/2-1/2

[Event "Tatry Open"]
[Site "Tatranske Zruby SVK"]
[Date "2011.09.29"]
[Round "6.19"]
[White "Briestensky,R"]
[Black "Kucera,M"]
[Result "1-0"]
[WhiteElo "2300"]
[BlackElo "1979"]

1.e4 c5 2.Nf3 Nc6 3.Bb5 d6 4.Bxc6+ bxc6 5.e5 d5 6.d3 e6 7.Qe2 Ne7 8.O-O Ng6
9.c4 Be7 10.Nc3 O-O 11.Na4 f6 12.b3 Rf7 13.Ba3 Qf8 14.Qe3 d4 15.Qe4 Bd7 16.Rad1 fxe5
17.Nxe5 Nxe5 18.Qxe5 Bd6 19.Qe1 Qe7 20.Rd2 Rf5 21.f3 Rf6 22.g4 Rf7 23.Kg2 Raf8
24.Re2 Re8 25.Bc1 e5 26.Rff2 Qh4 27.Ba3 Qe7 28.Bc1 Qf8 29.Bg5 Re6 30.Rf1 Rg6
31.Bh4 Re6 32.Bg3 Rfe7 33.Nb2 Qf6 34.Kg1 Be8 35.Nd1 g5 36.h4 h6 37.Nf2 Bg6
38.hxg5 hxg5 39.Ne4 Bxe4 40.fxe4 Qg7 41.Rf5 Rf6 42.Qd2 Rg6 43.Rh2 Rf7 44.Rh5 Rff6
45.Kg2 Qf7 46.Rhxg5 Rxf5 47.gxf5 Rg7 48.Kf1 Be7 49.Rxg7+ Qxg7 50.Qg2 Kf7
51.Bh2 Bf6 52.Qxg7+ Kxg7 53.Ke2 Kh6 54.Kf3 Kh5 55.Bg3 Bg7 56.Be1 Bf6 57.Ba5  1-0

[Event "Tatry Open"]
[Site "Tatranske Zruby SVK"]
[Date "2011.09.29"]
[Round "6.4"]
[White "Dobrovolsky,L"]
[Black "Privara,I"]
[Result "1-0"]
[WhiteElo "2347"]
[BlackElo "2264"]

1.e4 c5 2.Nf3 Nc6 3.Bb5 g6 4.O-O Bg7 5.c3 Nf6 6.Re1 O-O 7.h3 e5 8.d3 d6 9.Nbd2 Qc7
10.Nf1 a6 11.Ba4 b5 12.Bb3 Bb7 13.Ng3 Na5 14.Bc2 d5 15.Nh2 Rad8 16.Qf3 dxe4
17.dxe4 Nc4 18.b3 Nb6 19.Ng4 Nxg4 20.hxg4 Nc8 21.g5 Rd6 22.Be3 Ne7 23.Qe2 Rfd8
24.Nf1 Bc8 25.Nh2 Be6 26.Ng4 Bxg4 27.Qxg4 b4 28.Qe2 Nc6 29.Qc4 Na5 30.Qxc5 Rc6
31.Qxb4 Rb8 32.Qa4 Rxc3 33.Rac1 Nc6 34.Bd3 Nd4 35.Bc4 Rxc1 36.Rxc1 a5 37.Bf1 Qb6
38.Qd7 Qe6 39.Qa7 Rf8 40.f3 Qd6 41.Qxa5 Ne6 42.Qd2 Nd4 43.Bc4 Kh8 44.Bd5 f6
45.gxf6 Qxf6 46.Bg5 Qd6 47.a4 Rxf3 48.gxf3 Nxf3+ 49.Kg2  1-0

[Event "Belgrade Premier League 2011"]
[Site "Belgrade SRB"]
[Date "2011.10.01"]
[Round "1.3"]
[White "Maric,Dr"]
[Black "Biocanin,Gora"]
[Result "1/2-1/2"]
[WhiteElo "2244"]
[BlackElo "2309"]

1.e4 c5 2.Nf3 Nc6 3.Bb5 g6 4.O-O Bg7 5.Re1 Nf6 6.e5 Nd5 7.Nc3 Nc7 8.d4 cxd4
9.Nxd4 O-O 10.Nf3 d6 11.exd6 Qxd6 12.Qxd6 exd6 13.Bxc6 bxc6 14.Bf4 Rd8 15.Rad1 Bf5  1/2-1/2

[Event "Tatry Open"]
[Site "Tatranske Zruby SVK"]
[Date "2011.10.01"]
[Round "8.21"]
[White "Sturc,J"]
[Black "Privara,I"]
[Result "0-1"]
[WhiteElo "2031"]
[BlackElo "2264"]

1.e4 c5 2.Nf3 Nc6 3.Bb5 d6 4.d4 cxd4 5.Qxd4 Bd7 6.Bxc6 Bxc6 7.c4 Nf6 8.Nc3 g6
9.Bg5 Bg7 10.Nd5 O-O 11.Bxf6 exf6 12.O-O-O f5 13.Qd3 fxe4 14.Qxe4 Re8 15.Qd3 Bxd5
16.Qxd5 Re2 17.Rhe1 Rxf2 18.Rd2 Bh6 19.Kd1 Bxd2 20.Nxd2 Rf5 21.Qxb7 Rb8 22.Qxa7 Rxb2
23.Qa3 Qf6 24.Kc1 Rb6 25.Re8+ Kg7 26.Re2 Re5 27.Rxe5 Qxe5 28.Kc2 Qxh2 29.Qf3 Qe5
30.a4 Rb2+ 31.Kd1 Qd4 32.Qe2 Ra2  0-1

[Event "World Amateur Chess Championship"]
[Site "Antalya TUR"]
[Date "2011.10.02"]
[Round "2"]
[White "Can,I"]
[Black "Oney,Ri"]
[Result "1-0"]
[WhiteElo "1997"]
[BlackElo "1919"]

1.e4 c5 2.Nf3 Nc6 3.Bb5 Na5 4.O-O a6 5.Be2 Nc6 6.c3 d5 7.e5 d4 8.d3 e6 9.Nbd2 Nge7
10.Nc4 Nd5 11.cxd4 b5 12.Bg5 f6 13.exf6 gxf6 14.Nce5 Nce7 15.Bh4 Nf5 16.Bg3 Bb7
17.dxc5 Nxg3 18.hxg3 fxe5 19.Nxe5 Qf6 20.Bh5+ Ke7 21.Re1 Bg7 22.c6 Bc8 23.Qc1 Qxe5
24.Rxe5 Bxe5 25.Qc5+ Kf6 26.d4 Bc7 27.Qc1 h6 28.Qd1 Rf8 29.Qg4 Bd6 30.Re1 Ke7
31.Qg7+ Kd8 32.Bf3 Nc7 33.Qxh6 Ra7 34.g4 Ne8 35.Qg5+ Rf6 36.Qh4 Rg7 37.Be4 Be7
38.g5 Rf8 39.f4 Nd6 40.Bd3 Nf5 41.Qf2 Bd6 42.Rf1 Bc7 43.d5 exd5 44.Qc5 Bd6
45.Qxd5 Kc7 46.g4 Ne7 47.Qd4 Rgg8 48.Qa7+ Kd8 49.Qb6+ Bc7 50.Qd4+ Ke8 51.Bh7 Bxg4
52.Bxg8 Rxg8 53.Re1 Rg6 54.Qh8+ Kf7 55.Qh7+ Rg7 56.Rxe7+  1-0

[Event "Arab Elite Championship 2011"]
[Site "Dubai UAE"]
[Date "2011.10.02"]
[Round "9"]
[White "Yaaqoub,R"]
[Black "Al Modiahki,M"]
[Result "0-1"]
[WhiteElo "2102"]
[BlackElo "2564"]

1.e4 c5 2.Nf3 Nc6 3.Bb5 g6 4.O-O Bg7 5.c3 Nf6 6.e5 Nd5 7.d4 cxd4 8.cxd4 O-O
9.Nc3 Nc7 10.Bc4 d5 11.Be2 Bg4 12.h3 Bxf3 13.Bxf3 f6 14.exf6 Rxf6 15.Be3 Qd6
16.Rc1 Raf8 17.Be2 R6f7 18.Nb5 Nxb5 19.Bxb5 Nd8 20.Qa4 a6 21.Be8 Rf6 22.Qd7 Nc6
23.Qxd6 Rxd6 24.Bxc6 Rxc6 25.Rxc6 bxc6 26.Rc1 Rc8 27.f4 Kf7 28.Rc5 Ke6 29.g4 Kd7
30.Ra5 Ra8 31.Kf2 e6 32.Rc5 Rb8 33.Rc2 c5 34.dxc5 Rxb2 35.Rxb2 Bxb2 36.Ke2 Kc6
37.Kd3 Ba3 38.Bd2 Bxc5 39.Bc1 Be7 40.Bb2 Bh4 41.Bc1 Bf2 42.Bb2 Kb5 43.Bc3 Kc5
44.Bb2 d4 45.Bc1 Kd5 46.g5 e5 47.fxe5 Kxe5 48.Ke2 Be3 49.Bxe3 dxe3 50.Kxe3 Kf5
51.Kf3 Kxg5 52.a4 Kf5 53.Ke3 g5 54.a5 Ke5 55.Kf3 h5 56.Ke3 Kd5 57.Kd3 Kc5
58.Ke4 Kb5 59.Kf5 Kxa5 60.Kxg5 Kb4 61.Kxh5 a5 62.Kg4  0-1

[Event "Belgrade Premier League 2011"]
[Site "Belgrade SRB"]
[Date "2011.10.03"]
[Round "3.6"]
[White "Stamatovic,A"]
[Black "Sarenac,I"]
[Result "0-1"]
[WhiteElo "2201"]
[BlackElo "2294"]

1.e4 c5 2.Nf3 Nc6 3.Bb5 d6 4.Bxc6+ bxc6 5.O-O e5 6.c3 f5 7.exf5 Nf6 8.d4 cxd4
9.cxd4 e4 10.Ng5 d5 11.f3 h6 12.Ne6 Bxe6 13.fxe6 Bd6 14.fxe4 dxe4 15.Nc3 Qe7
16.Bf4 O-O 17.Qb3 Rfe8 18.Be5 Bxe5 19.dxe5 Qc5+ 20.Kh1 Qxe5 21.e7+ Kh8 22.Ne2 Rxe7
23.Rac1 Rb8 24.Qa3 Rxb2 25.Rc5 Qd6 26.Nf4 Kh7 27.Qxb2 Qxc5 28.h3 Qe5 29.Qb1 Nd5
30.Ne2 Nf6 31.Qc2 Re6 32.g4 Rd6 33.Rf5 Qa1+ 34.Kg2 Rd3 35.Rf1 Qe5 36.Qxc6 Nd5
37.Re1 Rd2 38.Kg1 Rxa2 39.Qc4 Rd2 40.Qc1 Rd3 41.Kg2 Rf3 42.Qd2 Ne3+  0-1

[Event "FSGM Oct"]
[Site "Budapest HUN"]
[Date "2011.10.04"]
[Round "4"]
[White "Battey,A"]
[Black "Keschitz,G"]
[Result "1-0"]
[WhiteElo "2313"]
[BlackElo "2307"]

1.e4 c5 2.Nf3 Nc6 3.Bb5 g6 4.Bxc6 bxc6 5.O-O Bg7 6.Re1 e5 7.b4 cxb4 8.a3 bxa3
9.Bxa3 d6 10.d4 Bg4 11.Nbd2 exd4 12.Nc4 Be5 13.c3 dxc3 14.Qa4 Ne7 15.Nfxe5 dxe5
16.Nxe5 Be6 17.Bxe7 Qc7 18.Ba3  1-0

[Event "1st Qinhuangdao Open"]
[Site "Qinhuangdao CHN"]
[Date "2011.10.04"]
[Round "5"]
[White "Zeng,C"]
[Black "Yu Yangyi"]
[Result "0-1"]
[WhiteElo "2413"]
[BlackElo "2646"]

1.e4 c5 2.Nf3 Nc6 3.Bb5 g6 4.Bxc6 dxc6 5.d3 Bg7 6.h3 Nf6 7.Nc3 Nd7 8.Be3 e5
9.Qd2 h6 10.O-O Qe7 11.Nh2 Nf8 12.a3 Ne6 13.b4 Nd4 14.Na4 b6 15.Rab1 Ba6
16.c3 Bb5 17.Nb2 Ne6 18.c4 Ba6 19.Na4 cxb4 20.axb4 Rd8 21.Qc2 O-O 22.Nf3 f5
23.exf5 gxf5 24.Rfe1 f4 25.Bd2 Ng5 26.Nxg5 Qxg5 27.Nc3 Qg6 28.Ne4 Qg5 29.Nc3 Qg6
30.Ne4 f3 31.g4 h5 32.Kh2 Bc8 33.Rg1 Kh8 34.gxh5 Qxh5 35.Rg3 Rf4 36.Rh1 Bh6
37.Be3 Rg8 38.Rhg1 Rxg3 39.Rxg3 Bxh3 40.Nf6 Bg2+  0-1

[Event "20th TCh-CRO 1a"]
[Site "Sibenik CRO"]
[Date "2011.10.04"]
[Round "1.1"]
[White "Palac,M"]
[Black "Mufic,Go"]
[Result "1-0"]
[WhiteElo "2591"]
[BlackElo "2276"]

1.e4 c5 2.Nf3 Nc6 3.Bb5 Na5 4.c3 e6 5.d4 a6 6.Bd3 c4 7.Bc2 d5 8.e5 b5 9.Ng5 Be7
10.h4 Bxg5 11.hxg5 Ne7 12.Nd2 Nac6 13.Nf1 Kd7 14.Qf3 Qg8 15.b3 Bb7 16.Ba3 b4
17.Bxb4 Nxb4 18.cxb4 Rc8 19.Ne3 c3 20.a3 Rc7 21.Rd1 Kc8 22.Rd3 h6 23.gxh6 Rxh6
24.Rxh6 gxh6 25.Qg4 Qf8 26.Nd1 Kb8 27.Rxc3 Qc8 28.Kd2 Nc6 29.Qf4 Qf8 30.Rc5 Qe7
31.Nc3 Ka7 32.b5 Nb8 33.b4  1-0

[Event "Belgrade Premier League 2011"]
[Site "Belgrade SRB"]
[Date "2011.10.05"]
[Round "5.6"]
[White "Peovic,M"]
[Black "Sivacki,M"]
[Result "1/2-1/2"]
[WhiteElo "2246"]
[BlackElo "2142"]

1.e4 c5 2.Nf3 Nc6 3.Bb5 g6 4.O-O Bg7 5.Re1 Nf6 6.c3 O-O 7.h3 Qb6 8.Bf1 e5
9.d3 d5 10.Qc2 h6 11.Nbd2 Be6 12.Nb3 a5 13.exd5 Nxd5 14.c4 a4 15.Nbd2 Ndb4
16.Qb1 Rfd8 17.a3 Na6 18.Qc2 Nc7 19.Rb1 Qa7 20.Ne4 f5 21.Nc3 Nd4 22.Qd1 Nxf3+
23.Qxf3 Bd7 24.Qg3 Qb6 25.f4 e4 26.dxe4 fxe4 27.Nxe4 Bf5 28.Qf3 Ne6 29.g4 Nd4
30.Qg2 Bd7 31.Nc3 Qd6 32.Nd5 Re8 33.Bd2 Bc6 34.Bd3 Rad8 35.Rxe8+ Rxe8 36.Kf2 b5
37.Re1 Rxe1 38.Bxe1 Kh7 39.Qe4 bxc4 40.Bxc4 Ne6 41.h4 Bxd5 42.Bxd5 Qxf4+
43.Qxf4 Nxf4 44.Be4 Bxb2 45.Ke3 Ne6 46.h5 Nf8 47.Bg3 Kg7  1/2-1/2

[Event "FSGM Oct"]
[Site "Budapest HUN"]
[Date "2011.10.05"]
[Round "5"]
[White "Estrada Nieto,J"]
[Black "Pap,M"]
[Result "0-1"]
[WhiteElo "2285"]
[BlackElo "2512"]

1.e4 c5 2.Nf3 Nc6 3.Bb5 g6 4.O-O Bg7 5.c3 Nf6 6.Re1 O-O 7.e5 Nd5 8.d4 cxd4
9.cxd4 d6 10.Nc3 Be6 11.Bg5 dxe5 12.Bxc6 bxc6 13.Nxe5 Rc8 14.Nf3 Re8 15.h3 Nxc3
16.bxc3 c5 17.Be3 Bd5 18.Ne5 Qa5 19.Nd3 cxd4 20.Bxd4 Rxc3 21.Bxg7 Kxg7 22.Nf4 Bc6
23.Qd2 Ra3 24.Qb2+ Qc3 25.Qe2 Qf6 26.Qg4 Kh8 27.Rac1 Rxa2 28.Qg3 Ra4 29.Nd3 Ra3
30.Re3 Ra1 31.Rxa1 Qxa1+ 32.Kh2 Bd5 33.Qc7 Qf6 34.Qxa7 Qd6+ 35.Kg1 f6 36.Qd4 e5
37.Qc3 Rb8 38.Qc2 Kg7 39.Re1 Be6 40.Ra1 Rb3 41.Ra7+ Kf8 42.Ra8+ Rb8 43.Qc5 Qxc5
44.Rxb8+ Qc8 45.Rxc8+ Bxc8 46.f3 g5 47.g4 Ke7 48.Kg2 Kd6 49.Nf2 f5 50.gxf5 Bxf5
51.h4 gxh4 52.Nh3 Ke7 53.Ng5  0-1

[Event "Belgrade Premier League 2011"]
[Site "Belgrade SRB"]
[Date "2011.10.06"]
[Round "6.2"]
[White "Biocanin,Gora"]
[Black "Tatisic,M"]
[Result "1-0"]
[WhiteElo "2309"]
[BlackElo "2211"]

1.e4 c5 2.Nf3 Nc6 3.Bb5 g6 4.O-O Bg7 5.c3 Nf6 6.Re1 O-O 7.d3 Qc7 8.Nbd2 a6
9.Ba4 b5 10.Bb3 d6 11.Nf1 Bg4 12.Ne3 Bxf3 13.Qxf3 Rac8 14.Qe2 e5 15.h3 Ne7
16.a4 Qd7 17.Ng4 Nxg4 18.Qxg4 Qxg4 19.hxg4  1-0

[Event "1st Qinhuangdao Open"]
[Site "Qinhuangdao CHN"]
[Date "2011.10.06"]
[Round "8"]
[White "Ni,Shiqun"]
[Black "Zhang Ziyang"]
[Result "0-1"]
[WhiteElo "2146"]
[BlackElo "2414"]

1.e4 c5 2.Nf3 Nc6 3.Bb5 g6 4.Bxc6 bxc6 5.O-O Bg7 6.d3 d6 7.h3 Nh6 8.Re1 Ng8
9.Rf1 Nh6 10.Re1 O-O 11.Nbd2 e5 12.Nc4 f5 13.c3 Nf7 14.Rb1 Be6 15.Qa4 Qd7
16.Na5 Qd8 17.Nc4 Qd7 18.Na5 Rac8 19.Bd2 d5 20.Nb3 Qe7 21.Qa3 fxe4 22.dxe4 Qf6
23.Qxc5 Bxh3 24.exd5 cxd5 25.Qxd5 Be6 26.Qa5 Rc4 27.Be3 Rg4 28.Nh2 Rh4 29.Nd2 e4
30.g3 Rh5 31.Qb4 Ng5 32.Kg2 Qf5 33.g4 Rxh2+ 34.Kxh2 Qxg4 35.Qd6 Rf3 36.Qd8+ Bf8  0-1

[Event "20th TCh-CRO 1b"]
[Site "Sibenik CRO"]
[Date "2011.10.07"]
[Round "4.1"]
[White "Ascic,P"]
[Black "Katavic,B"]
[Result "1/2-1/2"]
[WhiteElo "2300"]
[BlackElo "2181"]

1.e4 c5 2.Nf3 Nc6 3.Bb5 Nd4 4.Nxd4 cxd4 5.O-O e6 6.c4 Qc7 7.d3 Bd6 8.h3 Nf6
9.f4 e5 10.f5 h6 11.Nd2 b6 12.a3 Bb7 13.Ba4 a5 14.g4 Bc6 15.Nf3 Be7 16.Bd2 d6
17.b4 Qd7 18.Bxc6 Qxc6 19.b5 Qc7 20.a4 Nd7 21.Bc1 O-O-O 22.Ra2 g5 23.fxg6 fxg6
24.Ba3 Nf8 25.Qb3 Qb7 26.Kg2 Ne6 27.Bc1 Bg5 28.Nxg5 hxg5 29.Rf3  1/2-1/2

[Event "Belgrade Premier League 2011"]
[Site "Belgrade SRB"]
[Date "2011.10.08"]
[Round "7.6"]
[White "Jakovljev,Z"]
[Black "Skaric,D"]
[Result "1/2-1/2"]
[WhiteElo "2255"]
[BlackElo "2259"]

1.e4 c5 2.Nf3 Nc6 3.Bb5 e6 4.O-O Nge7 5.Nc3 a6 6.Bxc6 Nxc6 7.d4 cxd4 8.Nxd4 Be7
9.Re1 O-O 10.Nxc6 dxc6 11.Qh5 g6 12.Qe2 e5 13.Bh6 Re8 14.Rad1 Qc7 15.Qe3 Bg4
16.Ra1 Rad8 17.Qg3 Be6 18.h4 f6 19.Be3 b5 20.h5 g5 21.Ne2 Kh8 22.Nd4 Bc8
23.Nf5 Bxf5 24.exf5 Rd5 25.Qg4 Red8 26.c4 Rd3 27.cxb5 axb5 28.Qe4 R8d5 29.Rec1 c5
30.a4 Qb7 31.Rc2 bxa4 32.Rxa4 Qd7 33.Ra1  1/2-1/2

[Event "TCh-CZE Extraliga 2011-12"]
[Site "Czech Republic CZE"]
[Date "2011.10.08"]
[Round "1.4"]
[White "Jansa,Vl"]
[Black "Klima,L"]
[Result "1/2-1/2"]
[WhiteElo "2478"]
[BlackElo "2370"]

1.e4 c5 2.Nf3 Nc6 3.Bb5 g6 4.O-O Bg7 5.c3 Nf6 6.Re1 O-O 7.h3 e5 8.d3 d6 9.a3 Qc7
10.b4 Bd7 11.Be3 b6 12.Nbd2 Nxb4 13.Bxd7 Nxd3 14.Bb5 Nxe1 15.Qxe1 d5 16.exd5 Nxd5
17.Ne4 Rad8 18.Bg5 f6 19.Bd2 Kh8 20.c4 Ne7 21.Nc3 Qb7 22.Rb1 Nf5 23.Nd5 Nd6
24.Ne3 Nxb5 25.Rxb5 e4 26.Nh2 f5 27.Bc3 Rd3 28.Rb3 Bxc3 29.Rxc3 Rxc3 30.Qxc3+ Qg7
31.Qb3 f4 32.Nd5 Qd4 33.Nf1 g5 34.a4 h5 35.Qc2 g4 36.hxg4 hxg4 37.Qe2 g3
38.Qh5+ Kg7 39.Qg4+ Kh8 40.Qh4+ Kg7 41.Qg5+ Kh7 42.Qh5+ Kg7 43.Qg5+ Kh7  1/2-1/2

[Event "TCh-POL Ekstraliga"]
[Site "Katowice POL"]
[Date "2011.10.08"]
[Round "8.2"]
[White "Stoma,P"]
[Black "Brodowski,P"]
[Result "1-0"]
[WhiteElo "2326"]
[BlackElo "2437"]

1.e4 c5 2.Nf3 Nc6 3.Bb5 g6 4.O-O Bg7 5.Re1 e5 6.c3 Nge7 7.d3 O-O 8.Be3 d6
9.h3 h6 10.Qd2 Kh7 11.d4 Qb6 12.dxc5 dxc5 13.Na3 Rd8 14.Qc2 a5 15.Nd2 Be6
16.Nb3 Na7 17.Nxc5 Nxb5 18.Nxe6 Nxa3 19.Bxb6 Nxc2 20.Nxd8 Nc8 21.Bc7 Ra7
22.Kf1 Nxa1 23.Rxa1 b6 24.Bb8 Rd7 25.Nc6 Rd2 26.Rb1 Nd6 27.Bxd6 Rxd6 28.Ne7 Bf8
29.Nd5 Kg7 30.a4 Rc6 31.Ke2 f5 32.f3 Bc5 33.Kd3 Kf7 34.Kc4 Ke6 35.Kb5 Rd6
36.Rd1 fxe4 37.fxe4 Kf7 38.b4 axb4 39.cxb4 Bd4 40.Rc1  1-0

[Event "TCh-ISL Div1 2011-12"]
[Site "Reykjavik ISL"]
[Date "2011.10.08"]
[Round "2.4"]
[White "Halldorsson,Ha"]
[Black "Halkias,S"]
[Result "1/2-1/2"]
[WhiteElo "2209"]
[BlackElo "2591"]

1.e4 c5 2.Nf3 Nc6 3.Bb5 d6 4.O-O Bd7 5.Re1 Nf6 6.c3 a6 7.Bxc6 Bxc6 8.d4 Bxe4
9.Bg5 Bd5 10.c4 Bxf3 11.Qxf3 cxd4 12.Bxf6 gxf6 13.Qxb7 Qc8 14.Qe4 e6 15.Qxd4 Be7
16.Nc3 Rg8 17.Ne4 Qc6 18.g3 Rg6 19.b4 Kf8 20.Rab1 Rb8 21.Rec1 f5 22.Nc3 Bf6
23.Qd3 Rg4 24.b5  1/2-1/2

[Event "TCh-ISL Div1 2011-12"]
[Site "Reykjavik ISL"]
[Date "2011.10.08"]
[Round "3.2"]
[White "Kuzubov,Y"]
[Black "Mikkelsen,N"]
[Result "1-0"]
[WhiteElo "2623"]
[BlackElo "2384"]

1.e4 c5 2.Nf3 Nc6 3.Bb5 d6 4.O-O Bd7 5.Re1 Nf6 6.h3 Ne5 7.a4 a6 8.Bxd7+ Nfxd7
9.b3 g6 10.Nxe5 Nxe5 11.f4 Nc6 12.Bb2 Nd4 13.a5 Bh6 14.Rf1 O-O 15.Bxd4 cxd4
16.Ra4 Rc8 17.Na3 Rc5 18.Nc4 d3 19.c3 d5 20.exd5 Qxd5 21.Qf3 Rd8 22.Raa1 e6
23.Ne3 Qxf3 24.Rxf3 Bg7 25.b4 Rc7 26.Re1 e5 27.fxe5 Bxe5 28.Ng4 Bg7 29.Nf6+ Bxf6
30.Rxf6 Kg7 31.Rf4 Rd6 32.Rfe4 Kf6 33.Kf2 Rcd7 34.Ke3 Kg5 35.Kf3 h5 36.h4+ Kh6
37.Re7 Rf6+ 38.Kg3 Rxe7 39.Rxe7 g5 40.hxg5+ Kxg5 41.Rd7 h4+ 42.Kh2 Rf1 43.Rxd3 f5
44.Rd7 Rd1 45.c4 Kf4 46.Rxb7 h3 47.Rd7 hxg2 48.Kxg2 Rb1 49.Kf2 Rxb4 50.Rd4+ Ke5
51.Ke3 Ke6 52.d3 Rb1 53.Rh4 Ke5 54.d4+ Kf6 55.c5 Kg5 56.Rh8 Rb3+ 57.Kd2 Rb4
58.Kd3 Rb1 59.c6 Rd1+ 60.Kc4  1-0

[Event "20th TCh-CRO 1b"]
[Site "Sibenik CRO"]
[Date "2011.10.08"]
[Round "5.5"]
[White "Spasov,V"]
[Black "Chatalbashev,B"]
[Result "1/2-1/2"]
[WhiteElo "2590"]
[BlackElo "2566"]

1.e4 c5 2.Nf3 Nc6 3.Bb5 g6 4.Bxc6 dxc6 5.h3 Bg7 6.d3 Nf6 7.Nc3 Nd7 8.O-O e5
9.a4 a5 10.Bd2 O-O  1/2-1/2

[Event "TCh-MNE 1st League"]
[Site "Tivat MNE"]
[Date "2011.10.08"]
[Round "6.4"]
[White "Kovacevic,A"]
[Black "Vuckovic,Bo"]
[Result "1/2-1/2"]
[WhiteElo "2568"]
[BlackElo "2623"]

1.e4 c5 2.Nf3 Nc6 3.Bb5 d6 4.O-O Bd7 5.Re1 Nf6 6.c3 a6 7.Bf1 Bg4 8.h3 Bxf3
9.Qxf3 g6 10.d3 Bg7 11.Be3 Nd7 12.Nd2 O-O 13.Qd1 b5 14.Nf3 b4 15.Qa4 Qc7
16.d4 Rfb8 17.Rac1 a5 18.Bb5 Nb6 19.Qd1 Nd7 20.Qa4 Nb6 21.Qd1 Nd7 22.Ba4 bxc3
23.bxc3 Rb2 24.Re2 Rxe2 25.Qxe2 Nb6 26.Bb5 Nd7 27.a4 Na7 28.Bc4 Nb6 29.Bb3 e6
30.Qa2 c4 31.Bd1 d5  1/2-1/2

[Event "TCh-MNE 1st League"]
[Site "Tivat MNE"]
[Date "2011.10.08"]
[Round "8.3"]
[White "Pikula,D"]
[Black "Bogosavljevic,B"]
[Result "1/2-1/2"]
[WhiteElo "2518"]
[BlackElo "2541"]

1.e4 c5 2.Nf3 Nc6 3.Bb5 d6 4.O-O Bd7 5.Re1 Nf6 6.c3 a6 7.Bf1 Bg4 8.h3 Bxf3
9.Qxf3 g6 10.d3 Bg7 11.Be3 O-O 12.Nd2 Nd7 13.Qd1 b5 14.a3 Qa5 15.d4 cxd4
16.cxd4 Rfc8 17.b4 Qd8 18.d5 Nd4 19.Ra2 Qc7 20.Nc4 bxc4 21.Bxd4 Bxd4 22.Qxd4 Qa7
23.Qc3 a5 24.Rc2 axb4 25.axb4 Qb6 26.Bxc4 Ne5 27.Qb3 Qd4 28.Bf1 Rxc2 29.Qxc2 Qxb4
30.Rb1 Qd4 31.Rd1 Qa4 32.Qxa4 Rxa4 33.f4 Nc4 34.Rd4 Nb6 35.Rxa4 Nxa4 36.Kf2 Kg7
37.Ke3 Kh6 38.g3 g5 39.Be2 Kg6 40.Kd4 Nc5 41.Bd1 f6 42.Bg4 gxf4 43.gxf4 Kf7
44.Bh5+ Kf8 45.Ke3 Nd7 46.Kd4 Nb6 47.f5 Nd7 48.Ke3 Ne5 49.Kf4 Kg7 50.Be2 Kh6
51.h4 Nf7 52.Bb5 Ne5 53.Be2 Nf7 54.Bb5  1/2-1/2

[Event "TCh-CZE Extraliga 2011-12"]
[Site "Czech Republic CZE"]
[Date "2011.10.09"]
[Round "2.6"]
[White "Nedela,V"]
[Black "Znamenacek,K"]
[Result "0-1"]
[WhiteElo "2322"]
[BlackElo "2294"]

1.e4 c5 2.Nf3 Nc6 3.Bb5 g6 4.O-O Bg7 5.Re1 Nf6 6.e5 Nd5 7.Nc3 Nc7 8.Bxc6 dxc6
9.Ne4 b6 10.Nf6+ Kf8 11.Ne4 h6 12.a4 Kg8 13.Ra3 Ne6 14.Ng3 Kh7 15.h4 Qc7
16.h5 Bd7 17.Qe2 Rhg8 18.Qe4 Be8 19.hxg6+ fxg6 20.Nh5 Bf8 21.d4 cxd4 22.Nf4 Nc5
23.Qxd4 g5 24.b4 gxf4 25.bxc5 e6 26.Qe4+ Bg6 27.Qxf4 Bf5 28.Qh2 Rg4 29.Nh4 Bxc2
30.Rc3 Qe7 31.Nf3 Bg6 32.cxb6 axb6 33.Rxc6 Raxa4 34.Rxb6 Be4 35.Qh3 Bd5 36.Rb8 Qg7
37.Ng5+ Kg8 38.f3 Rxg5 39.Bxg5 hxg5 40.Qh5 Qa7+  0-1

[Event "TCh-POL Ekstraliga"]
[Site "Katowice POL"]
[Date "2011.10.09"]
[Round "9"]
[White "Brodowski,P"]
[Black "Bartel,Mat"]
[Result "0-1"]
[WhiteElo "2437"]
[BlackElo "2608"]

1.e4 c5 2.Nf3 Nc6 3.Bb5 e6 4.O-O Nge7 5.c3 a6 6.Ba4 c4 7.Qe2 b5 8.Bc2 Ng6
9.a4 Bb7 10.b3 cxb3 11.Bxb3 b4 12.cxb4 Bxb4 13.d4 O-O 14.Bd2 a5 15.Rc1 Nh4
16.Be3 Nxf3+ 17.Qxf3 f5 18.d5 Ne5 19.Qg3 Qf6 20.f4 Nd3 21.e5 Nxc1 22.Bxc1 Qe7
23.d6 Qd8 24.Na3 Qb6+ 25.Be3 Bc5 26.Bxc5 Qxc5+ 27.Qf2 Qc3 28.Rb1 Ba6  0-1

[Event "TCh-POL Ekstraliga"]
[Site "Katowice POL"]
[Date "2011.10.09"]
[Round "9"]
[White "Gasik,An"]
[Black "Dworakowska,J"]
[Result "0-1"]
[WhiteElo "2223"]
[BlackElo "2319"]

1.e4 c5 2.Nf3 Nc6 3.Bb5 g6 4.O-O Bg7 5.c3 Nf6 6.Re1 O-O 7.d4 cxd4 8.cxd4 d5
9.e5 Ne4 10.Nbd2 Qb6 11.Bxc6 bxc6 12.Nxe4 dxe4 13.Rxe4 Rd8 14.Qb3 Be6 15.Qc3 Bd5
16.Re1 Rab8 17.b3 Bxf3 18.Qxf3 Qxd4 19.Bf4 Qd5 20.Qe3 Rb4 21.Rac1 Rd4 22.Bg3 a5
23.Qc3 Bh6 24.f4 Bxf4 25.Bxf4 Rxf4 26.Qxc6 Qxc6 27.Rxc6 Rd2 28.e6 f5 29.Rc7 Rff2
30.Rxe7 Rxg2+ 31.Kh1 Rxh2+ 32.Kg1 Rdg2+ 33.Kf1 Rxa2 34.Kg1 Rag2+ 35.Kf1 Rh1+
36.Kxg2 Rxe1 37.Kf2 Re4  0-1

[Event "20th TCh-CRO 1a"]
[Site "Sibenik CRO"]
[Date "2011.10.10"]
[Round "7.2"]
[White "Biliskov,V"]
[Black "Fercec,N"]
[Result "0-1"]
[WhiteElo "2354"]
[BlackElo "2456"]

1.e4 c5 2.Nf3 Nc6 3.Bb5 d6 4.O-O Bd7 5.c3 a6 6.Ba4 b5 7.Bc2 e5 8.h3 Nf6 9.d4 Qc7
10.Re1 Be7 11.d5 Nd8 12.b3 O-O 13.Nbd2 Ne8 14.Nf1 g6 15.Bh6 Ng7 16.N3h2 f6
17.Bd2 f5 18.exf5 gxf5 19.f4 Nf7 20.fxe5 dxe5 21.c4 Bh4 22.Re2 e4 23.Bc3 Qd6
24.Ne3 Rae8 25.cxb5 axb5 26.a4 Ne5 27.axb5 Bxb5 28.Bxe5 Qxe5 29.Nc4 Qd4+
30.Kh1 Nh5 31.Nf1 Bxc4 32.bxc4 Nf4 33.Rd2 Qc3 34.Ba4 Ra8 35.Rc1 Qb4 36.Bc6 Ra3
37.Rb1 Qc3 38.Rc2 Qe5 39.Qc1 Rd3 40.Rd2 Bf6 41.Bd7 Kh8 42.Rf2 e3 43.Rf3 e2
44.Qxf4 Qxf4 45.Rxf4 Rd1  0-1

[Event "20th TCh-CRO 1a"]
[Site "Sibenik CRO"]
[Date "2011.10.10"]
[Round "7.3"]
[White "Srbis,J"]
[Black "Kozul,Z"]
[Result "0-1"]
[WhiteElo "2292"]
[BlackElo "2541"]

1.e4 c5 2.Nf3 Nc6 3.Bb5 a6 4.Bxc6 dxc6 5.d3 Bg4 6.h3 Bxf3 7.Qxf3 e6 8.O-O Ne7
9.Be3 Ng6 10.Nd2 Bd6 11.Qh5 O-O 12.e5 Bxe5 13.Ne4 Qd5 14.Ng5 h6 15.c4 Qd7
16.Ne4 b6 17.Rad1 Bd4 18.g4 Ne7 19.g5 Nf5 20.gxh6 g6 21.Bxd4 Qxd4 22.Qg5 Kh8
23.Kh1 Ra7 24.Rg1 f6 25.Qxg6 Rh7 26.Ng3 Qh4 27.Qg4 Qxg4 28.hxg4 Nxh6 29.Kg2 Nxg4
30.Kf3 f5 31.Rde1 Rf6 32.Rh1 Rfh6 33.Rxh6 Rxh6 34.Rh1 Rxh1 35.Nxh1 Kg7 36.Ng3 Kg6
37.Ne2 Kf6 38.Nc3 b5 39.Ke2 Ke5 40.f3 Nf6 41.Ke3 Nh5 42.b3 f4+ 43.Kd2 Ng3
44.Nd1 Nf5 45.Ke2 Kd4 46.Nf2 Kc3 47.Ne4+ Kb2 48.Nxc5 Nd4+ 49.Kd1 a5 50.cxb5 cxb5
51.a4 b4 52.Nb7 Kxb3 53.Nxa5+ Kxa4 54.Nb7 Ka3  0-1

[Event "Belgrade Premier League 2011"]
[Site "Belgrade SRB"]
[Date "2011.10.11"]
[Round "10.4"]
[White "Stamatovic,A"]
[Black "Djordjevic,Dr"]
[Result "1-0"]
[WhiteElo "2201"]
[BlackElo "2205"]

1.e4 c5 2.Nf3 Nc6 3.Bb5 g6 4.Bxc6 bxc6 5.O-O Bg7 6.Re1 e5 7.c3 Qb6 8.b3 Ba6
9.Bb2 c4 10.Ba3 c5 11.bxc4 Ne7 12.d4 exd4 13.cxd4 O-O 14.e5 Bxc4 15.Bxc5 Qd8
16.Na3 Bd5 17.Nb5 Nf5 18.Nc3 Bxf3 19.Qxf3 d6 20.exd6 Bxd4 21.Bxd4 Nxd4 22.Qd3 Qxd6
23.Rad1 Rad8 24.Qc4 Qf6 25.Nd5 Rxd5 26.Qxd5 Ne6 27.Qe5 Qh4 28.g3 Qa4 29.Rd2 h6
30.h4 Ng7 31.Qd4 Qa5 32.Re5 Qc7 33.Qc5 Qb8 34.Re7 Rc8 35.Qxa7 Qb1+ 36.Kg2 Rc1
37.Qa8+ Kh7 38.Rd8 Rg1+ 39.Kh2 g5 40.Rxf7 gxh4 41.Rh8+ Kg6 42.Rxg7+ Kf6 43.Qf8+ Ke6
44.Rxh6+ Kd5 45.Rd7+ Kc4 46.Qc8+  1-0

[Event "II Oliver Gonzalez Memorial"]
[Site "Madrid ESP"]
[Date "2011.10.11"]
[Round "4.20"]
[White "Garcia Esteban,I"]
[Black "Semprun Martinez,F"]
[Result "1/2-1/2"]
[WhiteElo "1965"]
[BlackElo "2204"]

1.e4 c5 2.Nf3 Nc6 3.Bb5 d6 4.O-O Bd7 5.c3 Nf6 6.Re1 a6 7.Bc4 b5 8.Bb3 c4
9.Bc2 e5 10.d4 Bg4 11.d5 Nb8 12.Nbd2 Be7 13.Nf1 O-O 14.Ne3 Bh5 15.Nf5 Nbd7
16.h3 Bxf3 17.Qxf3 Re8 18.Bg5 Nf8 19.a4 N8d7 20.Be3 Bf8 21.g4 Kh8 22.Ng3 Qe7
23.Nf5 Qd8 24.Ng3 Qe7 25.Nf5  1/2-1/2

[Event "II Oliver Gonzalez Memorial"]
[Site "Madrid ESP"]
[Date "2011.10.14"]
[Round "7.20"]
[White "Garcia Esteban,I"]
[Black "Suarez Uriel,A"]
[Result "0-1"]
[WhiteElo "1965"]
[BlackElo "2197"]

1.e4 c5 2.Nf3 Nc6 3.Bb5 g6 4.O-O Bg7 5.c3 Nf6 6.Re1 O-O 7.d3 b6 8.Bg5 Bb7
9.Qd2 Ne8 10.Bh6 Nc7 11.Bxg7 Kxg7 12.Ba4 d6 13.Qe3 e5 14.Nbd2 f5 15.exf5 Rxf5
16.Ne4 Nd5 17.Qd2 Nf4 18.Bd1 Qd7 19.Nh4 Rff8 20.Qe3 Ne7 21.Qg3 Kh8 22.Bg4 Nf5
23.Bh3 Nxg3 24.Bxd7 Nfe2+ 25.Rxe2 Nxe2+ 26.Kf1 Nf4 27.Rd1 Rad8 28.Bg4 Nxd3
29.Rxd3 Bxe4 30.Rh3 Rf4 31.Be6 g5 32.Nf3 g4  0-1